Counter-insurgency warfare : (Record no. 49571)
[ view plain ]
| 000 -LEADER | |
|---|---|
| fixed length control field | 00692nam a2200229 a 4500 |
| 001 - CONTROL NUMBER | |
| control field | 49571 |
| 003 - CONTROL NUMBER IDENTIFIER | |
| rucl marc code | BD-RjUL |
| 005 - DATE AND TIME OF LATEST TRANSACTION | |
| control field | 20211209054709.0 |
| 008 - FIXED-LENGTH DATA ELEMENTS--GENERAL INFORMATION | |
| fixed length control field | 160821r19661664n ||||| |||| 00| 0 eng d |
| 035 ## - SYSTEM CONTROL NUMBER | |
| System control number | (BD-RjUL)49690 |
| 040 ## - CATALOGING SOURCE | |
| Original cataloging agency | BD-RjUL |
| Language of cataloging | eng |
| Transcribing agency | BD-RjUL |
| 041 ## - LANGUAGE CODE | |
| Language code of text/sound track or separate title | eng |
| 082 ## - DEWEY DECIMAL CLASSIFICATION NUMBER | |
| Edition number | 23 |
| Classification number | 355.425 |
| Author mark and year | GAC 1964 |
| 100 1# - MAIN ENTRY--PERSONAL NAME | |
| Personal name | Galula, David |
| 9 (RLIN) | 148667 |
| 245 10 - TITLE STATEMENT | |
| Title | Counter-insurgency warfare : |
| Remainder of title | theory and practice / |
| Statement of responsibility, etc. | David Galula, Robert R Bowie |
| 260 ## - PUBLICATION, DISTRIBUTION, ETC. (IMPRINT) | |
| Place of publication, distribution, etc. | London : |
| Name of publisher, distributor, etc. | Frederick A.Praeger, |
| Date of publication, distribution, etc. | 1964, [1966 Reprinting] |
| 300 ## - PHYSICAL DESCRIPTION | |
| Pagination | xiv, 143 p. ; |
| Size | 23 cm |
| 500 ## - GENERAL NOTE | |
| General note | Includes reference |
| 650 ## - SUBJECT ADDED ENTRY--TOPICAL TERM | |
| Topical term or geographic name as entry element | Guerrilla warfare. |
| 9 (RLIN) | 128157 |
| 700 ## - ADDED ENTRY--PERSONAL NAME | |
| Personal name | Bowie, Robert R |
| 942 ## - ADDED ENTRY ELEMENTS (KOHA) | |
| Source of classification or shelving scheme | Dewey Decimal Classification |
| Koha item type | Books |
| Lost status | Source of classification or shelving scheme | Damaged status | Not for loan | Collection code | Permanent Location | Current Location | Shelving location | Date acquired | Source of acquisition | Cost, normal purchase price | Total Checkouts | Full call number | Date last seen | Copy number | Koha item type |
|---|---|---|---|---|---|---|---|---|---|---|---|---|---|---|---|
| Dewey Decimal Classification | Non-fiction | Central Library, University of Rajshahi | Central Library, University of Rajshahi | 30/04/1968 | Zeitlinger | 32.00 | 355.425 GAC 1964 | 21/08/2016 | C-2 | Books | |||||
| Dewey Decimal Classification | Not For Loan | Non-fiction | Central Library, University of Rajshahi | Central Library, University of Rajshahi | Rare Book Section | 22/07/1967 | Sweets & Zeitlinger | 32.60 | 355.425 GAC 1964 | 27/12/2016 | C-1 | Books |